000 00657nam a22002297a 4500
003 UA-OsUOA
001 131986
007 ta
008 20180625b un ||||| |||| 00| 0 ukr d
100 _aГуба М. О.
700 _aПолійчук М. В.
090 _a330(477)
_bГ93
942 _cSA
040 _aUA-OsUOA
_bukr
_cUA-OsUOA
_dUA-OsUOA
245 _aРизики в банківській системі України
300 _aс.4-10 с.
955 _a0
041 _aukr
080 _a330(477)
773 0 _w131984
_tЕкономіка. Фінанси. Право.
_dК.
_d2018
_g5
650 7 _a330 Економіка взагалі
_2UDC
999 _c420446
_d420446